Etsi salainen valtio värivihjeiden avulla #1 - Statistics

Yleistilastot
  • Tätä visaa on pelattu 3 398 kertaa
  • Keskiarvotulos 41 / 196
Vastaukset kartalla
Vastauksille on annettu kartalla punavihreä väri sen mukaan, kuinka moni on saanut sen oikein.
 
Vastaustilastot
Valtio % Oikein
Suomi
80%
Saksa
65%
Venäjä
62%
Ranska
59%
Puola
51%
Ruotsi
50%
Yhdysvallat
50%
Norja
46%
Tanska
45%
Italia
42%
Espanja
41%
Kiina
40%
Sveitsi
39%
Islanti
37%
Itävalta
37%
Viro
37%
Tšekki
35%
Belgia
34%
Alankomaat
31%
Kanada
31%
Yhdistynyt kuningaskunta
31%
Kreikka
29%
Australia
27%
Latvia
27%
Unkari
27%
Brasilia
26%
Egypti
26%
Irlanti
26%
Slovakia
26%
Ukraina
26%
Intia
25%
Liettua
25%
Kroatia
24%
Japani
23%
Luxemburg
23%
Malta
23%
Meksiko
23%
Turkki
23%
Algeria
22%
Liechtenstein
22%
Marokko
22%
Serbia
22%
Etelä-Afrikka
21%
Kongon demokraattinen tasavalta
21%
Kongon tasavalta
21%
Portugali
21%
Romania
21%
Vatikaanivaltio
21%
Argentiina
20%
Chile
20%
Iran
20%
Libya
20%
San Marino
20%
Albania
19%
Bosnia ja Hertsegovina
19%
Bulgaria
19%
Indonesia
19%
Irak
19%
Kosovo
19%
Mali
19%
Monaco
19%
Niger
19%
Saudi-Arabia
19%
Sudan
19%
Thaimaa
19%
Tunisia
19%
Uusi-Seelanti
19%
Valko-Venäjä
19%
Andorra
18%
Bolivia
18%
Ecuador
18%
Kenia
18%
Kolumbia
18%
Kuuba
18%
Kypros
18%
Mongolia
18%
Montenegro
18%
Panama
18%
Peru
18%
Somalia
18%
Tšad
18%
Afganistan
17%
Angola
17%
Armenia
17%
Azerbaidžan
17%
Bahrain
17%
Bangladesh
17%
Belize
17%
Benin
17%
Botswana
17%
Costa Rica
17%
Djibouti
17%
El Salvador
17%
Eritrea
17%
Etelä-Korea
17%
Etiopia
17%
Filippiinit
17%
Gambia
17%
Georgia
17%
Ghana
17%
Guatemala
17%
Guyana
17%
Haiti
17%
Honduras
17%
Israel
17%
Jamaika
17%
Jemen
17%
Kap Verde
17%
Kazakstan
17%
Keski-Afrikan tasavalta
17%
Kirgisia
17%
Kiribati
17%
Kuwait
17%
Laos
17%
Lesotho
17%
Libanon
17%
Liberia
17%
Madagaskar
17%
Malawi
17%
Malesia
17%
Mauritania
17%
Mikronesia
17%
Moldova
17%
Myanmar
17%
Namibia
17%
Nauru
17%
Nepal
17%
Nicaragua
17%
Nigeria
17%
Oman
17%
Pakistan
17%
Palau
17%
Papua-Uusi-Guinea
17%
Paraguay
17%
Pohjois-Korea
17%
Pohjois-Makedonia
17%
Qatar
17%
Ruanda
17%
Samoa
17%
Senegal
17%
Singapore
17%
Sri Lanka
17%
Suriname
17%
Syyria
17%
Tadžikistan
17%
Taiwan
17%
Tansania
17%
Togo
17%
Tonga
17%
Trinidad ja Tobago
17%
Turkmenistan
17%
Tuvalu
17%
Uganda
17%
Uruguay
17%
Uzbekistan
17%
Venezuela
17%
Vietnam
17%
Zimbabwe
17%
Antigua ja Barbuda
16%
Bahama
16%
Barbados
16%
Bhutan
16%
Brunei
16%
Burkina Faso
16%
Burundi
16%
Dominica
16%
Dominikaaninen tasavalta
16%
Etelä-Sudan
16%
Fidži
16%
Gabon
16%
Grenada
16%
Guinea
16%
Guinea-Bissau
16%
Itä-Timor
16%
Jordania
16%
Kambodža
16%
Kamerun
16%
Komorit
16%
Malediivit
16%
Marshallinsaaret
16%
Mauritius
16%
Mosambik
16%
Norsunluurannikko
16%
Päiväntasaajan Guinea
16%
Saint Kitts ja Nevis
16%
Saint Lucia
16%
Saint Vincent ja Grenadiinit
16%
Salainen valtio
16%
Salomoninsaaret
16%
Sambia
16%
São Tomé ja Príncipe
16%
Seychellit
16%
Sierra Leone
16%
Swazimaa
16%
Vanuatu
16%
Yhdistyneet arabiemiraatit
16%
Ehtoja vastaavia visoja ei löytynyt
Tulosjakauma
Jokaisen tuloksen saaneiden osuus
Persentiili vastausten määrän mukaan
Tuloshistoriasi
Et ole pelannut tätä visaa